Learning to Write, Reading to Learn. Genre, Knowledge and Pedagogy in the Sydney School
Salvato in:
| Autori principali: | , |
|---|---|
| Natura: | Libro |
| Lingua: | inglese |
| Pubblicazione: |
Bristol, United Kingdom:
Equinox Publishing,
2012
|
| Serie: | Equinox Textbooks and Surveys in Linguistics.
|
| Soggetti: | |
| Tags: |
Aggiungi Tag
Nessun Tag, puoi essere il primo ad aggiungerne!!
|
MARC
| LEADER | 00000nam a22000007a 4500 | ||
|---|---|---|---|
| 003 | CL-VaPUC | ||
| 005 | 20220504132035.0 | ||
| 008 | 220406b2012 ||||| |||| 00| 0 eng d | ||
| 999 | |c 435297 |d 435295 | ||
| 020 | |a 978-1-84553-144-7 | ||
| 040 | |c Pontificia Universidad Católica de Valparaíso | ||
| 082 | 7 | |a 407.1 ROS 2012 |2 22 | |
| 100 | |a Rose, David |9 476885 |e author | ||
| 245 | |a Learning to Write, Reading to Learn. |b Genre, Knowledge and Pedagogy in the Sydney School | ||
| 260 | |a Bristol, United Kingdom: |b Equinox Publishing, |c 2012 | ||
| 300 | |a 357 páginas | ||
| 490 | |a Equinox Textbooks and Surveys in Linguistics. | ||
| 500 | |a C.1 Donación Familia profesor Giovanni Parodi S. Memo 01/2022. 25-03-2022 | ||
| 583 | |c 20220406 |k Catalogador Asistente | ||
| 650 | 0 | |a Lengua e idiomas |9 865781 |x Estudio y enseñanza |z Australia | |
| 650 | 0 | |a Programas de alfabetización |9 335611 |z Australia | |
| 650 | 0 | |a Lingüística |9 265068 |x Investigación | |
| 700 | |a Martin, J.R. |e author |9 868015 | ||
| 942 | |2 ddc |c BK | ||
| 952 | |0 0 |1 0 |2 ddc |4 0 |6 407_100000000000000_ROS_2012 |7 0 |8 C_GPS |9 582474 |a FDOPOS |b FDOPOS |c GEN |d 2022-04-06 |e 5650707 |i 5650707 |o 407.1 ROS 2012 |p 5650707 |r 2025-01-22 |t 1 |w 2022-04-06 |y BK |k MLA | ||